00510nam a22001697a 450000500170000000800410001702000180005804000210007604100080009708200150010510000300012024500780015026000460022830000100027465000240028470000320030820250902093807.0250902b |||||||| |||| 00| 0 eng d a9789394095489 aIN-DiNCcIN-DiNC deng a306.2bSLA aSlariya, Mohindereauthor aPolitical sociology (Major5)/cby Mohinder Slariya and Abhishiant Slariya aDibrugarh:bMahaveer publications,c2025. a351p. aPolitical sociology aSlariya, Abhishianteauthor